000 00355nam a2200133Ia 4500
005 20251222144720.0
008 251222s9999||||xx |||||||||||||| ||spa||
020 _a84-7908-288-7
082 _a362.11/M43
100 _aMerino Sánchez, J.
245 0 _aMedicina Social
264 _bSecretariado de Publicaciones de Universidad de Alicante
942 _cLIB
999 _c18173
_d18173